Vplyv ozbrojeného konfliktu na ekonomickú a politickú situáciu v Kolumbii bakalárska práca

Gespeichert in:
Bibliographische Detailangaben
1. Verfasser: Jánošík, Ondrej
Körperschaft: Fakulta medzinárodných vzťahov EU. Katedra medzinárodných ekonomických vzťahov a hospodárskej diplomacie
Weitere Verfasser: Janubová, Barbora, 1991-
Format: Buch
Sprache:Slowakisch
Veröffentlicht: Bratislava 2018
Tags: Tag hinzufügen
Keine Tags, Fügen Sie das erste Tag hinzu!

MARC

LEADER 00000nbm a2200000 4500
001 0244434
005 20180810101815.0
041 0 |a slo 
044 |a SK 
245 1 0 |a Vplyv ozbrojeného konfliktu na ekonomickú a politickú situáciu v Kolumbii  |b bakalárska práca  |c Ondrej Jánošík ; školiteľ: Barbora Janubová 
264 1 |a Bratislava  |c 2018 
300 |a 41 s. 
100 1 |a Jánošík, Ondrej 
700 1 |a Janubová, Barbora, 1991- 
710 2 |a Fakulta medzinárodných vzťahov EU. Katedra medzinárodných ekonomických vzťahov a hospodárskej diplomacie